000 00421cam a2200169ua 4500
020 _c1.50
041 _amal
_h
082 _a894.8124
_bKRI/PR
100 _aKrishna Pillai, K R .
245 _aPrabandhangal, Part 2 /
_cK R Krishnapillai.
_hTextual Documents
260 _aKottayam :
_bNational Book Stall ,
_c1955.
300 _a228 ; .
365 _a1.50
504 _a
942 _cBK
999 _c5825
_d5825